|
|
|
|
| LEADER |
00000nam a22000007a 4500 |
| 008 |
201221b ||||| |||| 00| 0 eng d |
| 020 |
|
|
|a 978-1-4739-4887-7
|
| 100 |
|
|
|a THOMAS, Gary
|
| 245 |
|
|
|a How to do your research project
|b a guide for students
|c Gary Thomas
|g xv, 336p., ill
|
| 260 |
|
|
|b SAGE
|c 2017
|h Los Angeles
|i 692395
|i 692396
|m Education – Research – Methodology
|m Education – research – Evaluation
|
| 500 |
|
|
|a “It includes bibliographical references and index”.
|
| 942 |
|
|
|a lcc
|c BK
|e O.A.JOHNSON
|f 21/12/20
|
| 952 |
|
|
|0 0
|1 0
|2 lcc
|4 0
|6 LB1028 T36
|7 0
|9 1087
|a HOL
|b ED
|c LP
|d 2020-12-21
|l 0
|o LB1028 .T36
|p 2020-230302
|r 2020-12-21 00:00:00
|w 2020-12-21
|y BK
|
| 952 |
|
|
|0 0
|1 0
|2 lcc
|4 0
|6 LB1028 T36
|7 0
|9 1088
|a HOL
|b HOL
|c LP
|d 2020-12-21
|l 0
|o LB1028 .T36
|p 2020-230303
|r 2020-12-21 00:00:00
|w 2020-12-21
|y BK
|
| 999 |
|
|
|c 561
|d 561
|